| 000 | 01388nam a2200385 c 4500 | ||
|---|---|---|---|
| 001 | 7650 | ||
| 003 | ES-MaCES | ||
| 005 | 20141221121915.0 | ||
| 008 | 980815s1995 sp 000 | spa d | ||
| 017 |
_aM 22775-1995 _bDL |
||
| 020 | _a844700547X | ||
| 035 | _aCES19980078623m | ||
| 040 |
_aES-MaCES _bspa _cES-MaCES |
||
| 100 | 1 |
_aOlarte Encabo, Sofía _919896 |
|
| 245 | 1 | 3 |
_aEl convenio colectivo por adhesión _b: régimen jurídico-positivo _cSofía Olarte Encabo ; prólogo de Francisco Javier Prados de Reyes |
| 250 | _a1ª ed | ||
| 260 |
_aMadrid _bCivitas _c1995 |
||
| 300 |
_a364 p. _c20 cm |
||
| 490 | 1 | _aMonografías Cívitas | |
| 500 | _aEn la port., además: Consejo Andaluz de Relaciones Laborales, Consejería de Trabajo y Asuntos Sociales, Junta de Andalucía | ||
| 541 | _cGratuito | ||
| 650 | 4 |
_aconvenio colectivo _928361 |
|
| 650 | 4 |
_aextensión del convenio colectivo _930041 |
|
| 650 | 4 |
_anegociación colectiva _928362 |
|
| 650 | 4 |
_arégimen jurídico _929894 |
|
| 650 | 4 |
_alegislación del trabajo _927166 |
|
| 650 | 4 |
_aEspaña _926964 |
|
| 653 | 1 | 0 | _aRelaciones laborales-Empleo |
| 700 | 1 |
_aPrados de Reyes, Francisco Javier _ecol. _921360 |
|
| 710 | 2 |
_aConsejo Andaluz de Relaciones Laborales _92337 |
|
| 830 | 0 |
_aMonografías Cívitas _932153 |
|
| 902 | _aLIB Libro | ||
| 942 |
_2CES _cBK _h2.0. |
||
| 999 |
_c7650 _d7650 |
||